Historical Development of European and Slovak Legislation on Annual Reports as a Support System in Strategic Management

Salvato in:
Dettagli Bibliografici
Autore principale: Lovciová, Kornélia, 1983-
Altri autori: Pakšiová, Renáta, 1974-
Natura: Capitolo di libro
Lingua:inglese
Soggetti:
Tags: Aggiungi Tag
Nessun Tag, puoi essere il primo ad aggiungerne!!

MARC

LEADER 00000nla a2200000 4500
001 0233956
005 20240502083623.2
041 0 |a eng 
044 |a RS 
245 1 0 |a Historical Development of European and Slovak Legislation on Annual Reports as a Support System in Strategic Management  |c Kornélia Lovciová, Renáta Pakšiová 
500 |a Abstrakt 
610 2 0 |a správy výročné 
610 2 0 |a Slovensko 
610 2 0 |a história 
610 2 0 |a manažment strategický 
610 2 0 |a Európska únia 
100 1 |a Lovciová, Kornélia, 1983- 
700 1 |a Pakšiová, Renáta, 1974-